| 000 -LEADER |
| fixed length control field |
00547nam a2200205Ia 4500 |
| 001 - CONTROL NUMBER |
| control field |
17806 |
| 003 - CONTROL NUMBER IDENTIFIER |
| control field |
GE_BSU |
| 008 - FIXED-LENGTH DATA ELEMENTS--GENERAL INFORMATION |
| fixed length control field |
181216s||||||||xx |||||||||||||| ||und|| |
| 040 ## - CATALOGING SOURCE |
| Transcribing agency |
GE_BSU |
| 100 ## - MAIN ENTRY--PERSONAL NAME |
| Personal name |
Третьяков,А.К. |
| 245 ## - TITLE STATEMENT |
| Title |
Бетонные работы. |
| 245 ## - TITLE STATEMENT |
| Remainder of title |
Учебник. |
| 245 ## - TITLE STATEMENT |
| Statement of responsibility, etc. |
Ред. А.П.Николаева. |
| 250 ## - EDITION STATEMENT |
| Edition statement |
Изд. 4-е, перераб. и допол. |
| 260 ## - PUBLICATION, DISTRIBUTION, ETC. |
| Place of publication, distribution, etc. |
М. |
| 260 ## - PUBLICATION, DISTRIBUTION, ETC. |
| Name of publisher, distributor, etc. |
Высш. школа. |
| 260 ## - PUBLICATION, DISTRIBUTION, ETC. |
| Date of publication, distribution, etc. |
1975. |
| 300 ## - PHYSICAL DESCRIPTION |
| Extent |
272 стр. с илл. 21 см. |
| 942 ## - ADDED ENTRY ELEMENTS (KOHA) |
| Koha item type |
წიგნი |